Statistics for New Zealand Rugby All Blacks - All players since 1975

Click here to take the quiz!

General Stats

  • This quiz has been taken 671 times
    (486 since last reset)
  • The average score is 167 of 482

Answer Stats

All Black No.Year(s) ActivePlayer% Correct
11122012-2021Aaron Smith
96%
11002009-2019Ben Smith
94%
10442004-2015Conrad Smith
94%
8451983-1984Bruce Smith
93%
8061980-1985Wayne Smith
93%
11042010-2021Sam Whitelock
90%
9411994-2002Jonah Lomu
89%
11152012-2021Beauden Barrett
88%
10932009George Whitelock
88%
11592017-2021Jordie Barrett
88%
11552016-2021Scott Barrett
88%
11292013-2018Luke Whitelock
87%
11082010-2019Sonny Bill Williams
87%
10342003-2015Daniel Carter
86%
9121991-1998Mark Carter
85%
10142001-2015Richie McCaw
85%
10222002-2012Ali Williams
84%
6891970-1978Bryan Williams
84%
11112012-2017Julian Savea
83%
8941988-1989Ron Williams
83%
11472016-2021Ardie Savea
80%
10312003-2015Ma'a Nonu
80%
11432015-2021Codie Taylor
79%
11662017-2021Akira Ioane
77%
9301992-1996Glenn Taylor
77%
9351993-2001Jeff Wilson
77%
11562016-2021Rieko Ioane
77%
11252013Tom Taylor
77%
8371983-1988Warwick Taylor
77%
11852019Josh Ioane
76%
8191980Ken Taylor
76%
10832008-2019Kieran Read
76%
7711976-1982Mark Taylor
76%
7701976-1980Murray Taylor
76%
7751977-1979Bevan Wilson
75%
8461983Brett Wilson
75%
7641976-1980Richard Wilson
75%
11132012-2020Sam Cane
75%
7721976-1983Stu Wilson
75%
11912020-2021Will Jordan
75%
9021989-1999Ian Jones
74%
10262002-2015Keven Mealamu
74%
8821987-1998Michael Jones
74%
8711986-1997Sean Fitzpatrick
74%
11102012-2021Brodie Retallick
73%
8571984-1993Grant Fox
73%
9241992-1999Robin Brooke
73%
8831987-1997Zinzan Brooke
73%
10842008-2015Ben Franks
72%
9101990-1998Olo Brown
72%
10942009-2019Owen Franks
72%
9801999-2001Tony Brown
72%
9521996-2002Christian Cullen
71%
9922000-2007Doug Howlett
71%
9611997-2005Tana Umaga
71%
10252002-2015Tony Woodcock
71%
10352003-2011Brad Thorn
70%
11172012-2021Dane Coles
70%
10022001-2007Jerry Collins
69%
7651976-1980John Black
68%
9441995-2004Andrew Mehrtens
67%
9481995-2005Justin Marshall
67%
10492004-2013Piri Weepu
67%
9511995-2004Carlos Spencer
66%
10502004-2017Jerome Kaino
66%
8541984-1994John Kirwan
66%
11322013-2021T.J Perenara
66%
11872020Caleb Clarke
65%
10322003-2010Josevata Rokocoko
65%
10752008-2011Stephen Donald
65%
9191992-1998Eroni Clarke
64%
8281981-1984Andrew Donald
63%
9831999-2007Byron Kelleher
63%
8431983-1987David Kirk
63%
11012010-2017Israel Dagg
63%
9261992-1995Marc Ellis
63%
10682006-2015Andy Ellis
62%
11542016-2021Damian McKenzie
62%
11052010-2017Aaron Cruden
61%
9881999-2007Reuben Thorne
61%
10192002-2013Andrew Hore
60%
9601996-2007Anton Oliver
59%
8631985Bryce Robins
59%
11952021Ethan Blackadder
59%
7501976-1981Frank Oliver
59%
10332003-2011Mils Muliaina
59%
9952000-2008Leon MacDonald
58%
11462015-2018Nehe Milner-Skudder
58%
11672017-2021Richard Mo'unga
58%
9471995-2000Todd Blackadder
58%
8601985-1990Wayne Shelford
58%
7021972-1981Bruce Robertson
57%
10802008-2014Cory Jane
57%
7341974-1977Duncan Robertson
57%
9151992-1997Frank Bunce
57%
8261981-1985Frank Shelford
57%
11782018-2021George Bridge
57%
7001972-1976Hamish MacDonald
57%
9741998-2002Scott Robertson
57%
8421983-1987Craig Green
56%
11532016-2021Anton Lienert-Brown
55%
10002001-2007Carl Hayman
55%
10792008-2012Hosea Gear
55%
7561976-1977Kevin Greene
55%
10032001-2007Chris Jack
54%
11342014-2020Joe Moody
54%
10432004-2007Rico Gear
54%
11822019-2021Sevu Reece
54%
10522005-2011Sitiveni Sivivatu
54%
8441983Alistair Robinson
53%
9431995-2000Josh Kronfeld
53%
10212002-2007Keith Robinson
53%
9651997-2001Mark Robinson
53%
9962000-2002Mark Robinson
53%
8981989-1998Walter Little
53%
8531984-1991Alan Whetton
52%
9311993-2000Craig Dowd
52%
8271981-1991Gary Whetton
52%
8791986-1989John Gallagher
52%
9231992Graham Dowd
51%
11032010-2015Victor Vito
51%
9271992-1996Eric Rush
49%
9631997Jeremy Stanley
49%
9781998-2004Xavier Rush
49%
11022010Benson Stanley
48%
11072010-2015Colin Slade
48%
11762018-2021Dalton Papalii
48%
11972021Ethan DeGroot
48%
11652017-2019Jack Goodhue
48%
8741986-1991Joe Stanley
48%
11182012-2017Tawera Kerr-Barlow
48%
8621985-1992Steve McDowall
47%
9491995-2002Taine Randell
47%
10132001-2007Aaron Mauger
45%
7771977-1985Andy Dalton
45%
6661967-1977Ian Kirkpatrick
45%
10572005-2009Luke McAlister
45%
10082001Nathan Mauger
45%
10392004-2007Nick Evans
45%
8811986-1995Richard Loe
45%
11882020Tupou Vaa'i
45%
9001989-1993Va'aiga Tuigamala
45%
7441975-1982Bill Osborne
44%
10902009Bryn Evans
44%
11792018Gareth Evans
44%
9451995-1999Glen Osborne
44%
9201992-1995Jamie Joseph
44%
9771998-2004Kees Meeuws
44%
9331993-1997Mark Allen
44%
8671986-1995Mike Brewer
44%
10282002-2009Rodney So'oialo
44%
9251992-1994Stephen Bachop
44%
11402015-2019Brad Weber
43%
8851987-1995Graeme Bachop
43%
8481983-1991Kieran Crowley
43%
11392015-2019Nepo Laulala
43%
8121980Nicky Allen
43%
10762008-2011Richard Kahui
43%
10732008-2012Adam Thomson
42%
10612005Angus MacDonald
42%
10482004-2006Casey Laulala
42%
11312013-2017Malakai Fekitoa
42%
9461995-1996Simon Culhane
42%
11422015-2018Waisake Naholo
42%
9711998-2003Carl Hoeft
41%
10822008-2015Liam Messam
41%
8521984-1990Murray Pierce
41%
9381993-1998Norm Hewitt
41%
9281992Pat Lam
41%
9791999-2001Pita Alatini
41%
11722018-2019Shannon Frizell
41%
10242002Brad Mika
40%
9821999Dylan Mika
40%
11962021Finlay Christie
40%
9731998Joeli Vidiri
40%
11332014-2021Patrick Tuipulotu
40%
11242013-2019Ryan Crotty
40%
9421994-2000Alama Ieremia
39%
9701998-2003Caleb Ralph
39%
10622005-2011John Afoa
39%
8651985-1987John Drake
39%
9992001-2006Marty Holah
39%
7991979Barry Thompson
38%
7971979-1984Bernie Fraser
38%
11162012-2017Charlie Faumuina
38%
8661986-1989Frano Botica
38%
9861999-2004Norm Maxwell
38%
8411983-1985Robbie Deans
38%
9751998-2002Royce Willis
38%
8751986-1992Terry Wright
38%
10122001-2002Tom Willis
38%
8911987-1989Bruce Deans
37%
9912000-2008Greg Somerville
37%
8781986-1993Marty Berry
37%
8471983-1988Albert Anderson
36%
7161972-1985Andy Haden
36%
8761986-1987Brent Anderson
36%
11612017David Havili
36%
8691986-1992Greg Cooper
36%
9871999-2001Greg Feek
36%
10642005-2011Isaia Toeava
36%
8871987-1996Matthew Cooper
36%
8921988-1991Warren Gatland
36%
10972009-2012Zac Guildford
36%
9851999-2002Daryl Gibson
35%
7981979-1985Murray Mexted
35%
10602005-2010Neemia Tialata
35%
9761998Norm Berryman
35%
11502016-2021Ofa Tu'ungafasi
35%
9181992-1994Arran Pene
34%
11842019-2020Braydon Ennor
34%
10052001-2003Dave Hewett
34%
9141991Jason Hewett
34%
9051989-1994John Timu
34%
11832019-2021Luke Jacobson
34%
9841999-2003Mark Hammett
34%
9031989Matthew Ridge
34%
9891999Rhys Duggan
34%
10912009-2017Wyatt Crockett
34%
10362003-2011Corey Flynn
33%
7571976-1982Graham Mourie
33%
8091980-1986Hika Reid
33%
11142012-2017Luke Romano
33%
10072001-2004Simon Maling
33%
9671997Aaron Hopa
32%
9541996-1997Adrian Cashmore
32%
8701986-1992Andy Earl
32%
10272002-2010Daniel Braid
32%
11862020-2021Hoskins Sotutu
32%
9721998Isitolo Maka
32%
9401993John Mitchell
32%
10102001Roger Randle
32%
8041979-1984Allan Hewson
31%
10372003Ben Atiga
31%
8391983-1984Gary Braid
31%
9131991-1997Jon Preston
31%
10012001Mark Ranby
31%
10292002Regan King
31%
10402004-2006Sam Tuitupou
31%
11812018Brett Cameron
30%
10232002Danny Lee
30%
9932000Filo Tiatia
30%
10462004-2011Jimmy Cowan
30%
8361983-1986Jock Hobbs
30%
7961979--1981Lachie Cameron
30%
9361993-1995Liam Barry
30%
9161992-2001Mark Cooksley
30%
11352014-2018Nathan Harris
30%
7511976Perry Harris
30%
10592005-2007Chris Masoe
29%
9011989-1991Craig Innes
29%
7821977-1986Gary Knight
29%
7301974-1977Lawrie Knight
29%
11452015-2017Lima Sopoaga
29%
9571996-1998Ofisa Tonu'u
29%
11892020Peter Umaga-Jensen
29%
11062010-2013Rene Ranger
29%
9391993-1994Shane Howarth
29%
11412015Charlie Ngatai
28%
11922020Cullen Grace
28%
10152002Joe McDonnell
28%
11602017-2019Ngani Laumape
28%
9942000-2001Ron Cribb
28%
10552005-2008Sione Lauaki
28%
11802018-2021Tyrel Lomax
28%
9211992-1996Blair Larsen
27%
10692007-2009Brendon Leonard
27%
11222013-2015Charles Piutau
27%
11942021George Bower
27%
9321993-1997Lee Stensness
27%
11932021Quinn Tupaea
27%
9341993-1995Stu Forster
27%
6941971-1977Tane Norton
27%
9561996-1999Andrew Blowers
26%
7311974-1976Andy Leslie
26%
10742008-2011Antony Boric
26%
9581996Chresten Davis
26%
10202002Keith Lowen
26%
7451976-1977Lyn Davis
26%
8101980-1986Mark Shaw
26%
8971989-1995Paul Henderson
26%
10092001Paul Miller
26%
9061990Rob Gordon
26%
8961989-1993Rob Gordon
26%
9531996-1998Scott McLeod
26%
9501995-1996Tabai Matson
26%
7431974-1976Terry Mitchell
26%
9641997Todd Miller
26%
11752018-2021Angus Ta'avao
25%
10862008-2015Hika Elliot
25%
9691998Mark Mayerhofler
25%
9902000-2007Troy Flavell
25%
10042001-2002Ben Blair
24%
8841987-1991Bernie McCahill
24%
9972000Bruce Reihana
24%
10062001-2006David Hill
24%
11372014-2016James Parsons
24%
8681986-1987Mark Brooke-Cowden
24%
11232013-2019Matt Todd
24%
10172002Sam Broomhall
24%
10182002-2003Steve Devine
24%
10472004Steven Bates
24%
11212013-2016Steven Luatua
24%
10992009-2012Tamati Ellison
24%
8641985Victor Simpson
24%
7831978Barry Ashworth
23%
9621997Charles Riechelmann
23%
10412004-2006Craig Newby
23%
7911978-1985Dave Loveridge
23%
7151972-1977Grant Batty
23%
7761977-1985John Ashworth
23%
10382004-2005Jono Gibbes
23%
11572016-2019Liam Coltman
23%
9591996Phil Coffin
23%
10162002Sam Harding
23%
8251981-1985Steven Pokere
23%
9661997Steve Surridge
23%
11632017-2021Asafo Aumua
22%
7491976-1980Brad Johnstone
22%
10562005Campbell Johnstone
22%
9551996-1997Con Barrell
22%
11492016Elliot Dixon
22%
10882009Isaac Ross
22%
8301981Jock Ross
22%
11712018Karl Tu'inukuafe
22%
10582005Kevin Senio
22%
11682017-2019Atu Moli
21%
11702017-2018Dillon Hunt
21%
11382015-2016George Moala
21%
9681997-2000Gordon Slater
21%
10632005-2009Jason Eaton
21%
9221992-1995Ant Strachan
20%
8321981-1986Arthur Stone
20%
9291992Dallas Seymour
20%
10812008Jamie Mackintosh
20%
6971971-1976Laurie Mains
20%
10302002Paul Steinmetz
20%
8951988-1991Shayne Philpott
20%
10962009-2010Tom Donnelly
20%
7131972-1975Joe Karam
19%
8891987-1989John Schuster
19%
11642017Matt Duffie
19%
9171992Richard Turner
19%
11582017-2019Vaea Fifita
19%
6701968-1976Alan Sutherland
18%
11272013-2017Dominic Bird
18%
10782008Kevin O'Neill
18%
9041989-1995Kevin Schuler
18%
11512016-2018Liam Squire
18%
11902020Alex Hodgman
17%
10722008Anthony Tuitavake
17%
11362014Augustine Pulu
17%
11192013Ben Afeaki
17%
11202013-2015Jeremy Thrush
17%
9811999Kupu Vanisi
17%
11692017-2018Mitchell Drummond
17%
10872008-2010Alby Mathewson
16%
10952009-2010Aled De Malmanche
16%
10512005-2006James Ryan
16%
7591976Pat Ryan
16%
10672006Scott Hamilton
16%
11482016-2017Seta Tamanivalu
16%
8231980Tu Wyllie
16%
7921978-1979Wayne Graham
16%
7481976-1979Gary Seear
15%
10662006-2007Greg Rawlinson
15%
11442015James Broadhurst
15%
11772018Matt Proctor
15%
10982009Mike Delany
15%
10772008Rudy Wulf
15%
10892009Tanerau Latimer
15%
7781977-1981Brian McKechnie
14%
10652006Clarke Dermody
14%
10532005Derren Witcombe
14%
11262013Francis Saili
14%
8991989-1993Graham Purvis
14%
9982000Jason O'Halloran
14%
7111972-1979Lyn Jaffray
14%
7811977-1981Mark Donaldson
14%
7671976Merv Jaffray
14%
7461976Neil Purvis
14%
6951971-1976Peter Whiting
14%
10702007-2008Ross Filipo
14%
7191972-1976Ian Stevens
13%
10852008Scott Waldrom
13%
9081990-1994Simon Mannix
13%
10542005Sosene Anesi
13%
7901978-1981Eddie Dunn
12%
8351983-1984Ian Dunn
12%
11092011Jarrad Hoeata
12%
7841978-1980Leicester Rutledge
12%
11982021Samisoni Taukei'aho
12%
8111980Stephen Scott
12%
8731986Gordon MacPherson
11%
11302013-2017Jeff To'omaga-Allen
11%
10712007-2008John Schwalger
11%
7381974-1979Bill Bush
10%
8801986Dean Kenny
10%
7391974-1976Graeme Crossman
10%
8241981Hud Rickit
10%
7201972-1981Ken Stewart
10%
10922009Lelia Masaga
10%
7621976-1979Vance Stewart
10%
10112001Dion Waller
9%
8221980-1981Fred Woodman
9%
8171980-1983Geoff Old
9%
11522016-2017Kane Hames
9%
8551984Kawhena Woodman
9%
8001979Mike Burgoyne
9%
9091990-1991Paul McGahan
9%
9371993-1995Richard Fromont
9%
10452004-2005Saimone Taumoepeau
9%
7741977-1979Brian Ford
8%
9111991Chris Tregaskis
8%
8931988Jasin Goldsmith
8%
10422004-2006Mose Tuiali'I
8%
8491983Murray Davie
8%
7541976Stewart Cron
8%
7371974-1978Doug Bruce
7%
11282013Frank Halai
7%
11732018-2019Jackson Hemopo
7%
7331974-1976Joe Morgan
7%
8131980Grant Perry
6%
8581984John Mills
6%
8381983-1988Kevin Boroevich
6%
7801977Robbie Stuart
6%
8401983-1985Scott Crichton
6%
11622017-2018Tim Perry
6%
8721986Brett Harvey
5%
8501983-1986Brian McGrattan
5%
7731977Colin Farrell
5%
8181980-1981Jamie Salmon
5%
7181972-1977Kent Lambert
5%
7661976-1980Stu Conn
5%
8031979-1980Tim Twigden
5%
7891978Clive Currie
4%
8161980-1981Greg Burgess
4%
7611976-1981John Spiers
4%
8511984-1985Mike Clamp
4%
11742018Te Toiroa Tahuriorangi
4%
8291981Wayne Neville
4%
7881978Ash McGregor
3%
8211980Craig Wickes
3%
8201980Geoff Valli
3%
7851978-1980John Fleming
3%
8011979Kieran Keane
3%
7471976Kit Fawcett
3%
9071990-1991Laurence Hullena
3%
8561984Mark Finlay
3%
8771986Michael Speight
3%
7931979-1980Murray Watts
3%
7861978Robert Kururangi
3%
8071980Brett Codlin
2%
8591985Bruce Hemara
2%
7791977-1978Dick Myers
2%
7581976-1981Doug Rollerson
2%
7941979-1980Gary Cunningham
2%
7351974-1976Kerry Tanner
2%
7401974-1977Kevin Eveleigh
2%
8611985Kurt Sherlock
2%
8311981-1982Paul Koteka
2%
8881987Robbie McLean
2%
8021979-1981Rod Ketels
2%
8151980-1981Andy Jefford
1%
8331981Brian Morrissey
1%
8051980Geoff Hines
1%
8081980-1983Graeme Higginson
1%
7691976Greg Rowlands
1%
8341981John Boe
1%
7521976John Brake
1%
8861987John Buchan
1%
7871978John Loveday
1%
8141980Ken Bloxham
1%
7951979Mike McCool
1%
7601976Paul Sapsford
1%
8901987Paul Simonsson
1%
7261973-1979Peter Sloane
1%
7631976Eddie Stokes
0%
7271974-1976John Callesen
0%
7681976-1977John McEldowney
0%
7551976Ken Granger
0%
7531976Scott Cartwright
0%

Score Distribution

Percentile by Number Answered

Percent of People with Each Score

Your Score History

You have not taken this quiz since the last reset